000 00696nam a2200289Ia 4500
005 20260324115757.0
008 008 260324s9999 xx 000 0 eng d
020 _a9781351105859
037 _aEBOOK
040 _aCRL
040 _beng
040 _cCRL
041 _2eng
041 _aeng
084 _qCRL
100 _aMichael A. Orzen; Thomas A. Paider
_91155969
245 4 _aThe Lean IT Field Guide
245 2 _bA Roadmap for Your Transformation
260 _bTaylor and Francis
260 _c2016
365 _a
365 _b300
856 _uhttp://www.taylorfrancis.com/books/9781351105859
942 _cEBOOK
999 _c1747088
_d1747088